[Event "ROU-ch Open 2021"]
[Site "Iasi"]
[Date "2021.04.19"]
[Round "1.17"]
[White "Ognean, Mihnea-Ionut"]
[Black "Salcu, Laurentiu"]
[Result "1-0"]
[WhiteElo "2298"]
[BlackElo "1814"]
[Annotator "ChessBase"]
[PlyCount "73"]
[EventDate "2021.04.19"]
[EventType "swiss"]
[EventCountry "ROU"]
[SourceTitle "playchess.com"]
[Source "ChessBase"]
[SourceQuality "1"]
[TimeControl "5400+30"]

1. e4 {[%emt 0:00:00]} c5 {[%emt 0:00:00]} 2. Nf3 {[%emt 0:00:05]} d6 {[%emt 0:00:00]} 3. d4 {[%emt 0:00:16]} cxd4 {[%emt 0:00:05]} 4. Nxd4 {[%emt 0:00:05]} Nf6 {[%emt 0:00:09]} 5. Nc3 {[%emt 0:00:29]} e5 {[%emt 0:00:40]} 6. Bb5+ {[%emt 0:02:20]} Nbd7 {[%emt 0:03:13]} 7. Nf5 {[%emt 0:00:44]} a6 {[%emt 0:01:18]} 8. Bxd7+ {[%emt 0:03:38]} Qxd7 {[%emt 0:00:32]} 9. Ng3 {[%emt 0:03:34]} b5 {[%emt 0:10:49]} 10. Bg5 {[%emt 0:03:21]} b4 {[%emt 0:04:13]} 11. Nce2 {[%emt 0:02:33]} Bb7 {[%emt 0:04:57]} 12. Bxf6 {[%emt 0:01:56]} gxf6 {[%emt 0:00:10]} 13. Qd3 {[%emt 0:10:01]} d5 {[%emt 0:04:28]} 14. Nh5 {[%emt 0:05:27]} Be7 {[%emt 0:03:46]} 15. Ng7+ {[%emt 0:01:30]} Kf8 {[%emt 0:02:10]} 16. Nf5 {[%emt 0:03:01]} Qe6 {[%emt 0:03:07]} 17. f3 {[%emt 0:13:27]} dxe4 {[%emt 0:03:31]} 18. fxe4 {[%emt 0:00:00]} Rd8 {[%emt 0:01:57]} 19. Qe3 {[%emt 0:03:43]} Qc6 {[%emt 0:06:40]} 20. Qh6+ {[%emt 0:09:07]} Ke8 {[%emt 0:00:20]} 21. Neg3 {[%emt 0:00:15]} Bf8 {[%emt 0:09:08]} 22. Qh4 {[%emt 0:22:15]} Qxc2 {[%emt 0:19:21]} 23. O-O {[%emt 0:00:00]} Rd2 {[%emt 0:00:16]} 24. Kh1 {[%emt 0:00:00]} Rxg2 {[%emt 0:03:54]} 25. Ne3 {[%emt 0:00:00]} Rxh2+ {[%emt 0:03:40]} 26. Qxh2 {[%emt 0:00:00]} Bxe4+ {[%emt 0:00:14]} 27. Nxe4 {[%emt 0:00:00]} Qxe4+ {[%emt 0:00:15]} 28. Ng2 {[%emt 0:00:00]} Rg8 {[%emt 0:04:31]} 29. Rae1 {[%emt 0:03:19]} Qc6 {[%emt 0:00:00]} 30. Rc1 {[%emt 0:00:00]} Bc5 {[%emt 0:02:45]} 31. Rc2 {[%emt 0:00:00]} Rg5 {[%emt 0:01:43]} 32. Rfc1 {[%emt 0:01:02]} e4 {[%emt 0:03:52]} 33. Ne3 {[%emt 0:03:46]} Qb5 {[%emt 0:00:00]} 34. Ng4 {[%emt 0:07:14]} e3 {[%emt 0:02:30]} 35. Nxf6+ {[%emt 0:02:56]} Ke7 {[%emt 0:01:51]} 36. Ne4 {[%emt 0:00:00]} Qc6 {[%emt 0:00:52]} 37. Qh4 {[%emt 0:00:00]} 1-0

[Event "ROU-ch Open 2021"]
[Site "Iasi"]
[Date "2021.04.19"]
[Round "1.18"]
[White "Voda, Costel"]
[Black "Antonica, Dragos-Andrei"]
[Result "0-1"]
[WhiteElo "1804"]
[BlackElo "2291"]
[Annotator "ChessBase"]
[PlyCount "84"]
[EventDate "2021.04.19"]
[EventType "swiss"]
[EventCountry "ROU"]
[SourceTitle "playchess.com"]
[Source "ChessBase"]
[SourceQuality "1"]
[TimeControl "5400+30"]

1. e4 {[%emt 0:00:00]} e6 {[%emt 0:00:00]} 2. Nc3 {[%emt 0:00:00]} d5 {[%emt 0:00:00]} 3. d4 {[%emt 0:00:00]} Bb4 {[%emt 0:00:11]} 4. Bd3 {[%emt 0:00:14]} dxe4 {[%emt 0:04:29]} 5. Bxe4 {[%emt 0:00:56]} Nf6 {[%emt 0:00:07]} 6. Bg5 {[%emt 0:01:43]} h6 {[%emt 0:02:18]} 7. Bxf6 {[%emt 0:02:04]} Qxf6 {[%emt 0:00:02]} 8. Qd3 {[%emt 0:00:59]} O-O {[%emt 0:04:26]} 9. Nf3 {[%emt 0:01:11]} Rd8 {[%emt 0:10:23]} 10. Qc4 {[%emt 0:04:04]} Bxc3+ {[%emt 0:11:05]} 11. Qxc3 {[%emt 0:00:43]} Qf4 {[%emt 0:00:18]} 12. Qe3 {[%emt 0:01:32]} Qxe3+ {[%emt 0:00:14]} 13. fxe3 {[%emt 0:00:02]} Nd7 {[%emt 0:00:09]} 14. O-O-O {[%emt 0:00:31]} Nf6 {[%emt 0:00:11]} 15. Bd3 {[%emt 0:00:17]} b6 {[%emt 0:03:54]} 16. h3 {[%emt 0:06:51]} Bb7 {[%emt 0:00:34]} 17. Rhf1 {[%emt 0:01:41]} Rac8 {[%emt 0:13:46]} 18. Rf2 {[%emt 0:02:58]} Kf8 {[%emt 0:04:21]} 19. c3 {[%emt 0:07:18]} c5 {[%emt 0:02:19]} 20. Bc2 {[%emt 0:09:44]} Bxf3 {[%emt 0:12:42]} 21. Rxf3 {[%emt 0:00:32]} Ne8 {[%emt 0:01:36]} 22. Bb3 {[%emt 0:06:27]} Ke7 {[%emt 0:01:26]} 23. Rdf1 {[%emt 0:07:31]} f6 {[%emt 0:01:38]} 24. Kb1 {[%emt 0:03:17]} Nd6 {[%emt 0:01:24]} 25. Bc2 {[%emt 0:00:34]} b5 {[%emt 0:06:19]} 26. Bd3 {[%emt 0:03:48]} b4 {[%emt 0:03:29]} 27. dxc5 {[%emt 0:03:36]} Nf7 {[%emt 0:00:54]} 28. Bc2 {[%emt 0:07:45]} bxc3 {[%emt 0:01:00]} 29. b4 {[%emt 0:00:28]} Rb8 {[%emt 0:03:59]} 30. a3 {[%emt 0:04:21]} a5 {[%emt 0:00:38]} 31. Rf4 {[%emt 0:00:31]} Rd2 {[%emt 0:04:16]} 32. Rd1 {[%emt 0:09:00]} Ne5 {[%emt 0:00:41]} 33. Rd4 {[%emt 0:07:21]} axb4 {[%emt 0:02:38]} 34. axb4 {[%emt 0:00:35]} Rxd1+ {[%emt 0:01:18]} 35. Bxd1 {[%emt 0:00:49]} Nc6 {[%emt 0:00:03]} 36. Rg4 {[%emt 0:00:43]} Nxb4 {[%emt 0:03:35]} 37. Rxg7+ {[%emt 0:00:47]} Kf8 {[%emt 0:00:01]} 38. Rh7 {[%emt 0:01:41]} Nd5+ {[%emt 0:01:31]} 39. Kc1 {[%emt 0:00:46]} Rb5 {[%emt 0:00:49]} 40. Rxh6 {[%emt 0:00:39]} Kg7 {[%emt 0:00:26]} 41. Rh5 {[%emt 0:00:12]} Nxe3 {[%emt 0:00:04]} 42. c6 {[%emt 0:00:43]} c2 {[%emt 0:00:14]} 0-1

[Event "ROU-ch Open 2021"]
[Site "Iasi"]
[Date "2021.04.19"]
[Round "1.19"]
[White "Gheorghiu, Calin"]
[Black "Dumitru, Luca-Serban"]
[Result "1-0"]
[WhiteElo "2283"]
[BlackElo "1799"]
[Annotator "ChessBase"]
[PlyCount "49"]
[EventDate "2021.04.19"]
[EventType "swiss"]
[EventCountry "ROU"]
[SourceTitle "playchess.com"]
[Source "ChessBase"]
[SourceQuality "1"]
[TimeControl "5400+30"]

1. e4 {[%emt 0:00:00]} e6 {[%emt 0:00:00]} 2. d3 {[%emt 0:03:23]} d5 {[%emt 0:00:45]} 3. Nd2 {[%emt 0:00:33]} Nf6 {[%emt 0:00:53]} 4. e5 {[%emt 0:02:38]} Nfd7 {[%emt 0:00:07]} 5. f4 {[%emt 0:00:07]} c5 {[%emt 0:00:52]} 6. Ngf3 {[%emt 0:00:34]} Nc6 {[%emt 0:00:20]} 7. g3 {[%emt 0:00:21]} f6 {[%emt 0:02:26]} 8. exf6 {[%emt 0:00:39]} Nxf6 {[%emt 0:00:18]} 9. Ne5 {[%emt 0:03:10]} Bd6 {[%emt 0:01:49]} 10. Nxc6 {[%emt 0:04:04]} bxc6 {[%emt 0:00:05]} 11. Nf3 {[%emt 0:00:42]} O-O {[%emt 0:01:32]} 12. Bg2 {[%emt 0:01:16]} Qc7 {[%emt 0:01:17]} 13. Qe2 {[%emt 0:05:55]} Re8 {[%emt 0:05:30]} 14. O-O {[%emt 0:05:30]} e5 {[%emt 0:02:53]} 15. fxe5 {[%emt 0:00:44]} Bxe5 {[%emt 0:00:10]} 16. Nxe5 {[%emt 0:00:48]} Rxe5 {[%emt 0:01:39]} 17. Qf2 {[%emt 0:01:55]} Qe7 {[%emt 0:00:35]} 18. Bf4 {[%emt 0:04:21]} Re2 {[%emt 0:05:11]} 19. Rae1 {[%emt 0:20:39]} Rxf2 {[%emt 0:08:34]} 20. Rxe7 {[%emt 0:00:06]} Rxc2 {[%emt 0:00:18]} 21. Bg5 {[%emt 0:17:18]} Ba6 {[%emt 0:02:01]} 22. Bh3 {[%emt 0:05:12]} Bxd3 {[%emt 0:02:12]} 23. Be6+ {[%emt 0:02:41]} Kf8 {[%emt 0:00:10]} 24. Rf7+ {[%emt 0:01:12]} Ke8 {[%emt 0:00:06]} 25. Rxg7 {[%emt 0:00:21]} 1-0

[Event "ROU-ch Open 2021"]
[Site "Iasi"]
[Date "2021.04.19"]
[Round "1.20"]
[White "Mihalache, Paul-Stelian"]
[Black "Isfan, Ioan-Marius"]
[Result "0-1"]
[WhiteElo "1799"]
[BlackElo "2263"]
[Annotator "ChessBase"]
[PlyCount "48"]
[EventDate "2021.04.19"]
[EventType "swiss"]
[EventCountry "ROU"]
[SourceTitle "playchess.com"]
[Source "ChessBase"]
[SourceQuality "1"]
[TimeControl "5400+30"]

1. d4 {[%emt 0:00:00]} Nf6 {[%emt 0:00:37]} 2. c4 {[%emt 0:00:00]} e6 {[%emt 0:00:05]} 3. Nf3 {[%emt 0:00:00]} Bb4+ {[%emt 0:00:14]} 4. Bd2 {[%emt 0:00:00]} Qe7 {[%emt 0:00:06]} 5. g3 {[%emt 0:00:12]} Bxd2+ {[%emt 0:02:11]} 6. Nbxd2 {[%emt 0:01:07]} b6 {[%emt 0:01:25]} 7. Bg2 {[%emt 0:00:18]} Bb7 {[%emt 0:00:04]} 8. O-O {[%emt 0:00:22]} O-O {[%emt 0:00:07]} 9. Qc2 {[%emt 0:02:03]} d6 {[%emt 0:00:18]} 10. e4 {[%emt 0:02:25]} e5 {[%emt 0:01:30]} 11. d5 {[%emt 0:01:12]} a5 {[%emt 0:00:45]} 12. Ne1 {[%emt 0:01:10]} Nbd7 {[%emt 0:03:30]} 13. Nd3 {[%emt 0:00:32]} c6 {[%emt 0:03:59]} 14. f4 {[%emt 0:08:40]} cxd5 {[%emt 0:05:48]} 15. cxd5 {[%emt 0:00:57]} Ba6 {[%emt 0:02:27]} 16. Rf3 {[%emt 0:04:15]} Rac8 {[%emt 0:03:06]} 17. Qd1 {[%emt 0:03:21]} exf4 {[%emt 0:06:34]} 18. gxf4 {[%emt 0:07:31]} Nxe4 {[%emt 0:01:36]} 19. Re3 {[%emt 0:07:24]} Bxd3 {[%emt 0:00:25]} 20. Nxe4 {[%emt 0:01:04]} Bxe4 {[%emt 0:01:02]} 21. Rxe4 {[%emt 0:00:19]} Qf6 {[%emt 0:02:37]} 22. b4 {[%emt 0:05:27]} Rc2 {[%emt 0:14:41]} 23. Qe1 {[%emt 0:18:55]} Qb2 {[%emt 0:03:54]} 24. Bf3 {[%emt 0:04:38]} Nf6 {[%emt 0:01:50]} 0-1

[Event "ROU-ch Open 2021"]
[Site "Iasi"]
[Date "2021.04.20"]
[Round "2.7"]
[White "Paval, George"]
[Black "Deac, Bogdan-Daniel"]
[Result "0-1"]
[WhiteElo "2207"]
[BlackElo "2625"]
[Annotator "TA"]
[PlyCount "88"]
[EventDate "2021.04.19"]
[EventType "swiss"]
[EventCountry "ROU"]
[SourceTitle "playchess.com"]
[Source "ChessBase"]
[SourceQuality "1"]

{[%evp 11,88,0,13,10,20,18,60,32,47,14,35,34,17,-11,-22,-77,-68,-86,-25,-97,-90,-106,-101,-106,-102,-85,-94,-97,-87,-142,-120,-129,-125,-152,-147,-180,-145,-163,-168,-250,-243,-249,-241,-275,-276,-270,-255,-273,-264,-302,-296,-286,-287,-520,-517,-515,-527,-571,-550,-636,-640,-737,-708,-1255,-1397,-1728,-1260,-1919,-1895,-29972,-1681,-29976,-5422,-29987,-29988,-29988,-29989,-29990,-29990]} 1. d4 g6 2. e4 Bg7 3. Nf3 d6 4. h3 Nf6 5. Nc3 O-O 6. Be2 a6 7. a4 {B08: Pirc Defence: Classical System.} b6 8. O-O Nc6 9. Bg5 {White is slightly better.} (9. d5 $5 {[%cal Rd5c6]} Ne5 10. Nxe5 dxe5 11. Bg5 $14) 9... h6 10. Bh4 {[#]} g5 $146 ({Predecessor:} 10... Bb7 11. Re1 Qd7 12. Qd2 Rae8 13. Bc4 Na5 14. Ba2 Nh7 15. Rad1 Kh8 16. Bg3 Nc6 {½-½ (49) Winter,A (1848)-Stephan,A (1915) Germany 2006}) 11. Bg3 e6 12. e5 dxe5 13. Nxe5 (13. dxe5 $11 {keeps the balance.} Nd7 14. Qe1) 13... Nxd4 $17 14. Bf3 Ra7 (14... Rb8 $17) 15. Bc6 (15. a5 $11 {remains equal.}) 15... Nh7 {[#] Threatens to win with ...Bxe5. Black continues to play with concentration.} 16. Be4 f5 17. Nc6 Nxc6 18. Bxc6 f4 19. Bh2 Qd6 20. Be4 (20. Bf3 $142) 20... Bxc3 21. bxc3 Nf6 $36 {[%mdl 2048] Black has strong initiative.} 22. Qe2 e5 23. Kh1 Qc5 24. f3 Nxe4 25. fxe4 (25. Qxe4 $142 Bf5 26. Bg1 Qxg1+ 27. Kxg1 Bxe4 28. fxe4) 25... Be6 $19 26. a5 Qc6 {Hoping for ...Bc4.} (26... bxa5 27. Bg1 $16) 27. Rfd1 b5 ({Don't take} 27... Qxc3 28. axb6 cxb6 29. Qd3 $19) 28. Qf3 Kg7 29. Rd3 Kg6 30. Rad1 Raa8 31. Bg1 h5 32. Rd5 $2 {[#]} (32. Re1) 32... Bxd5 33. Rxd5 Rae8 34. Bc5 Rf7 35. Qd3 Qf6 36. Kg1 g4 37. hxg4 hxg4 38. Rd7 f3 39. Rxf7 Qxf7 {KQR-KQB} ({Weaker is} 39... Kxf7 40. Qd7+ Re7 41. Bxe7 $11) 40. Bf2 Rh8 (40... Qf4 $142 41. Qe3 g3 42. Qxf4 gxf2+ 43. Kxf2 exf4 44. gxf3 Rh8 45. Ke2 Rh3 46. e5 Kf5 47. c4 bxc4 48. e6 Kxe6 49. c3 Rh5 50. Ke1 Rxa5 51. Kf1 Ra1+ 52. Kf2 a5 53. Kg2 Ra2+ 54. Kg1 a4 55. Kh1 Rc2 56. Kg1 a3 57. Kf1 a2 58. Kg1 a1=Q#) 41. Bg3 fxg2 (41... Qh7 $142 42. Kf2 Qh1 43. gxf3 Rf8 44. Bxe5 Rxf3+ {[%mdl 64] Double Attack} 45. Ke2 Rxd3 46. cxd3 Qf3+ 47. Kd2 Qf2+ 48. Kd1 Qe3 49. c4 Qxd3+ 50. Kc1 bxc4 51. Bh8 c3 52. Bxc3 Qxc3+ {[%mdl 64] Double Attack} 53. Kd1 Qb2 54. e5 g3 55. e6 g2 56. e7 g1=Q#) 42. Bxe5 Rh3 {Black mates.} 43. Qe2 Qf3 {[%csl Gf3,Gg2][%cal Rh3h1]} 44. Qxg2 Qd1+ {Weighted Error Value: White=0.85/Black=0.20} 0-1

[Event "ROU-ch Open 2021"]
[Site "Iasi"]
[Date "2021.04.20"]
[Round "2.8"]
[White "Nevednichy, Vladislav"]
[Black "Martian, Dragos-Daniel"]
[Result "1-0"]
[WhiteElo "2533"]
[BlackElo "2198"]
[Annotator "TA"]
[PlyCount "105"]
[EventDate "2021.04.19"]
[EventType "swiss"]
[EventCountry "ROU"]
[SourceTitle "playchess.com"]
[Source "ChessBase"]
[SourceQuality "1"]

{[%evp 17,105,53,68,43,41,29,47,33,48,38,33,39,38,37,33,32,52,50,119,60,116,106,137,116,120,114,126,109,148,114,162,150,160,160,157,153,141,126,129,122,116,112,122,112,117,116,132,80,112,113,136,127,142,95,98,98,98,92,103,103,104,102,114,86,154,75,63,61,224,224,224,224,223,219,219,216,221,87,193,202,301,306,496,375,856,843,29983,29982,29988,29989]} 1. e4 c5 2. Nf3 e6 3. d4 cxd4 4. Nxd4 a6 5. Bd3 Nf6 6. O-O Qc7 7. Qe2 d6 8. c4 g6 9. Nc3 Bg7 10. Nf3 {B42: Sicilian: Kan Variation: 5 Bd3.} Nc6 {was the old line (10...0-0).} 11. h3 O-O 12. Bf4 {White is slightly better.} Nh5 13. Bd2 {[#]} Ne5 $146 ({Predecessor:} 13... b6 14. Rac1 Bb7 15. Be3 Ne5 16. Rfd1 Nxd3 17. Qxd3 Rad8 18. Na4 Qc6 19. b3 b5 20. cxb5 Qxb5 {1-0 (30) Svidler,P (2722)-Caruana,F (2709) Moscow 2010}) 14. Rac1 b6 15. Nxe5 Bxe5 16. Bh6 Re8 17. Qd2 Qd8 (17... Bb7 $14) 18. Bg5 (18. Be2 $16) 18... f6 (18... Qc7 $14) 19. Be3 $16 f5 20. exf5 gxf5 21. f4 Bg7 22. Qf2 {Qf3 is the strong threat.} Rb8 23. Rfd1 Qe7 24. Be2 Nf6 25. Bxb6 Bb7 26. Bf1 Kh8 27. Be3 Rg8 28. c5 dxc5 29. Bxc5 Qf7 30. Bd4 h6 31. Be5 Rbe8 32. Na4 (32. Rd6 $142) 32... Re7 33. Nc5 {Strongly threatening Bd6.} Bd5 34. b4 Kh7 35. Rc3 (35. Bxa6 Nh5 $16) 35... Ne4 36. Nxe4 Bxe5 37. fxe5 Bxe4 38. Rg3 Rxg3 39. Qxg3 Rb7 40. a3 Qf8 (40... Qc7 $142) 41. Qh4 (41. Bxa6 Rg7 $17) ({White should play} 41. Rd6) 41... a5 42. Rd4 $36 {[%mdl 2048] White has the initiative.} Qg7 $2 ({Black should try} 42... Rg7 $14) 43. Rxe4 $18 fxe4 44. Qxe4+ {[%mdl 4096] Endgame KQR-KQB} Kh8 45. bxa5 {[%cal Bb4a5,Ba5a6][%mdl 32]} Rf7 {[#]} 46. a6 $1 Qg3 {And now ...Qf2+ would win.} 47. Bd3 (47. Bc4 $18 {and the rest is easy.}) 47... Rd7 {[#]} (47... h5 $16) 48. Be2 $1 Qxa3 (48... Rc7 $142 49. a4 Kg7) 49. Qf4 Qc5+ $2 (49... Kg8 50. Bg4 (50. Qxh6 Qa1+ 51. Bf1 Rf7 $11) 50... Qe7 51. Qxh6 Qc5+ 52. Kh1 Rf7 53. Qg5+ (53. Qxe6 Qc1+ 54. Kh2 Qf4+ 55. Kh1 Qf1+ 56. Kh2 Qf4+ 57. Kg1 Qc1+ 58. Kh2 Qf4+ $11) (53. Bxe6 Qg1+ 54. Kxg1 $11) 53... Kh7) 50. Kh2 Kg8 $2 (50... Kh7 51. Bd3+ Kg8) 51. Bg4 Qc6 52. Qf6 Ra7 53. Bxe6+ {Weighted Error Value: White=0.12/Black=0.44} 1-0

[Event "ROU-ch Open 2021"]
[Site "Iasi"]
[Date "2021.04.20"]
[Round "2.9"]
[White "Filip, Andrei"]
[Black "Jianu, Vlad-Cristian"]
[Result "0-1"]
[WhiteElo "2168"]
[BlackElo "2532"]
[Annotator "TA"]
[PlyCount "82"]
[EventDate "2021.04.19"]
[EventType "swiss"]
[EventCountry "ROU"]
[SourceTitle "playchess.com"]
[Source "ChessBase"]
[SourceQuality "1"]

{[%evp 9,82,0,7,0,17,-17,-14,-23,0,0,0,0,5,0,-5,-12,0,-13,0,0,0,0,8,2,3,8,25,12,37,14,60,64,89,89,70,90,125,130,130,129,120,127,117,110,111,109,120,112,108,0,131,117,114,0,111,65,86,50,48,0,0,-1423,-1425,-1398,-1421,-1379,-1350,-29982,-29983,-29983,-29984,-29987,-29988,-29988,-29989]} 1. e4 e6 2. d4 d5 3. Nd2 c5 4. exd5 Qxd5 5. dxc5 Nf6 6. Ngf3 {C07: French Tarrasch: 3...c5, 4 Ngf3 and 4 exd5 Qxd5.} Qxc5 (6... Bxc5 {with more complications.} 7. Bc4 Qh5 8. Qe2 Be7 9. Nb3 a6) 7. Nb3 (7. Bd3 {is more complex.} Be7 8. O-O Nbd7 9. c3 O-O 10. Re1) 7... Qc7 8. Bd3 {The position is equal.} (8. Bg5 {keeps more tension.} Nbd7 9. c3 Bd6 10. Bxf6 Nxf6 11. Bb5+) 8... Be7 (8... Bd6 {seems wilder.} 9. O-O Nbd7 10. a4 O-O 11. a5 h6) 9. O-O O-O 10. c3 b6 11. Qe2 Nbd7 12. Bg5 Bb7 13. Rfe1 Rfe8 {[#]} 14. Ba6 $146 ({Predecessor:} 14. Rad1 Rad8 15. Nbd4 Nc5 16. Bb5 Rf8 17. Ne5 Nce4 18. Bxf6 Bxf6 19. Nec6 Bxd4 20. Nxd4 {0-1 (32) Moreno Estebanez,P (2028)-Narciso Dublan,M (2508) San Sebastian 2017}) 14... Bxa6 15. Qxa6 Nd5 16. Bxe7 Rxe7 17. Rad1 {Rxd5! is the strong threat.} N7f6 18. Nbd4 e5 19. Nf5 Ree8 20. Qa3 $1 Rad8 {[#]} 21. c4 $1 $36 {[%cal Rc4d5][%mdl 2048] Black is under strong pressure.} Nf4 22. Nd6 e4 23. Nxe8 Rxe8 24. Nd4 Qxc4 {Black wants to play ...Nd3.} 25. Qg3 ({Don't play} 25. Qxa7 $6 Nd3 $11) 25... Ng6 26. b3 Qc5 27. Ne2 h6 28. Qd6 Qg5 29. Qg3 (29. Qc7 $16) 29... Qa5 (29... Qc5 $1 $11 {remains equal.}) 30. Qc3 $16 Qg5 31. Qg3 ({White should play} 31. Rd4 $16) 31... Qf5 (31... Qc5 $11) 32. h3 Kh7 33. Qe3 Nd5 34. Qd4 e3 {Threatens to win with ...Re4.} 35. Ng3 {[%mdl 8192]} (35. f3 $11 Ndf4 36. Kh2) 35... Qxf2+ $19 {[%mdl 64] [#] Double Attack} 36. Kh2 Ndf4 {[%csl Gf4][%cal Rf2g2]} 37. Rg1 Nh4 {( -> ...Nf3+)} 38. Qd7 Nf3+ {Black mates.} 39. Kh1 Qxg3 {[%csl Gf3][%cal Rg3h2]} 40. gxf3 Qxf3+ 41. Kh2 Re6 {[%csl Gf4][%cal Rf3h3] Weighted Error Value: White=0.51/Black=0.19} 0-1

[Event "ROU-ch Open 2021"]
[Site "Iasi"]
[Date "2021.04.20"]
[Round "2.10"]
[White "Nanu, Costica-Ciprian"]
[Black "Vilcu, Matei-Stefan"]
[Result "1-0"]
[WhiteElo "2503"]
[BlackElo "2119"]
[Annotator "TA"]
[PlyCount "125"]
[EventDate "2021.04.19"]
[EventType "swiss"]
[EventCountry "ROU"]
[SourceTitle "playchess.com"]
[Source "ChessBase"]
[SourceQuality "1"]

{[%evp 17,125,18,4,0,0,0,0,0,0,0,0,0,22,20,40,34,34,35,32,13,30,15,19,16,25,23,25,16,43,40,28,21,47,33,59,27,23,10,19,17,68,61,60,64,111,106,100,60,64,54,133,129,145,135,139,134,149,147,147,149,258,138,198,163,163,166,216,215,177,92,109,105,154,159,155,113,116,76,95,86,95,49,118,118,118,118,189,243,227,8,35,35,37,35,154,0,0,0,50,12,52,8,76,95,91,77,1662,1605,29980,29982]} 1. Nf3 Nf6 2. c4 g6 3. g3 Bg7 4. Bg2 O-O 5. O-O d6 6. Nc3 c6 7. d3 e5 8. Rb1 Re8 9. b4 d5 10. Qb3 {A24: English Opening vs King's Indian: Lines without ...Nc6.} dxc4 11. Qxc4 Be6 12. Qh4 {The position is equal.} Nd5 13. Qxd8 Rxd8 14. Ne4 Nd7 {[#]} 15. Nfg5 $146 ({Predecessor:} 15. Bd2 N5f6 16. Nd6 Bxa2 17. Ra1 Bd5 18. e4 Be6 19. Nxb7 Rdb8 20. Na5 c5 21. Nc6 {½-½ (41) Sowray,P (2375)-Van Mierlo,G (2089) Dieren 2012}) 15... Nc7 16. Nxe6 Nxe6 17. Re1 Rab8 18. Bb2 Nb6 19. Nc3 Nd4 20. a3 Nc8 21. Kf1 Nd6 22. Red1 Rbc8 23. e3 Ne6 24. h4 Kf8 25. Ke2 c5 26. Bh3 (26. Ne4 {feels hotter.} Nxe4 27. Bxe4 b5 28. g4 Ke7 29. Rbc1) 26... c4 27. Bxe6 fxe6 28. dxc4 Nxc4 ({Black should try} 28... Rxc4 $11 29. Nb5 Rc2+ 30. Ke1 Ke7 31. Nxd6 Rxd6) 29. Rxd8+ $14 Rxd8 30. Ne4 Ke7 31. a4 Nd6 32. Nd2 Rc8 33. b5 Rc2 ({Black should play} 33... Kd7 $1 $14) 34. Kd1 $1 $16 {[%cal Rd1c2]} Rc8 35. Ba3 $1 Kd7 36. Rb3 {Rd3 is the strong threat.} e4 37. Bxd6 Kxd6 38. Nxe4+ {[%mdl 4096] Endgame KRB-KRN} Ke5 (38... Ke7 $16 39. b6 a6) 39. Nd2 ({White has to play} 39. f3 $18) 39... Bf8 (39... Kd6 $16 40. Ne4+ Ke7) 40. Rd3 Rc7 41. Rd4 Be7 42. Nf3+ Kf6 43. Ng5 (43. Rf4+ $18 Kg7 44. Re4) 43... e5 44. Rd5 (44. Nxh7+ $6 Kg7 $11) 44... h6 45. Nf3 Rc4 46. Rd7 {aiming for Nxe5!} (46. Rxe5 $6 Rxa4 47. Rd5 Ke6 $14) 46... e4 47. Nd4 ({Weaker is} 47. Rxb7 exf3 48. Rxa7 Rb4 $15) (47. Ne5 {keeps more tension.} Rxa4 48. Rxb7 Kxe5 49. Rxe7+ Kf6 50. Re8) 47... Rxa4 48. Rxb7 Bc5 49. Ke2 (49. Nb3 {looks sharper.} Bb4 50. g4 Ke5 51. Nd4 Bc5 52. Nc6+) 49... Bxd4 (49... Ra2+ $14 50. Ke1 Ke5) 50. exd4 Rxd4 51. Rxa7 $14 {KR-KR} Rb4 52. Ra6+ Kf5 {[#]} 53. b6 ({Only move:} 53. Rb6 $1 $18) 53... Rb3 54. Kd2 {Threatens to win with Kc2.} Kg4 55. b7 Kf5 (55... e3+ $14 56. fxe3 Rxb7) 56. Ra7 $2 (56. g4+ $1 $16 Kf4 57. Rf6+ (57. Rxg6 Rb2+ 58. Kc3 Rxb7 $11) 57... Kxg4 58. Rxg6+ Kf5 59. Rg7 (59. Rxh6 Rxb7 60. Rd6 Kg4 $11)) 56... Kg4 $11 57. Ke2 Kf5 58. Kd1 Kg4 $1 59. Kd2 (59. Ra6 $5 {[%cal Ra6g6]} g5 60. Rxh6 Rxb7 61. Ke2 gxh4 62. Rxh4+ Kf5 63. Rh5+ Ke6 64. Ke3 $14) 59... Kf5 (59... g5 $11) 60. Kc2 $16 Rb6 {[#]} 61. Kc3 $1 {[%cal Rc3d4]} e3 $2 {[%mdl 8192]} (61... Kg4 $16) 62. fxe3 $18 Ke4 63. Ra4+ {Weighted Error Value: White=0.22/Black=0.35} 1-0

[Event "ROU-ch Open 2021"]
[Site "Iasi"]
[Date "2021.04.20"]
[Round "2.11"]
[White "Coca, Cristi-Iulian"]
[Black "Gavrilescu, David"]
[Result "1/2-1/2"]
[WhiteElo "2153"]
[BlackElo "2476"]
[Annotator "TA"]
[PlyCount "67"]
[EventDate "2021.04.19"]
[EventType "swiss"]
[EventCountry "ROU"]
[SourceTitle "playchess.com"]
[Source "ChessBase"]
[SourceQuality "1"]

{[%evp 14,67,31,31,26,38,50,38,34,20,50,30,30,19,39,32,42,14,17,13,5,0,25,13,7,9,12,14,25,-13,0,-31,-15,-8,-17,-51,-12,-7,0,0,0,0,0,0,0,-12,88,0,11,0,0,0,0,0,0,0]} 1. e4 c6 2. d4 d5 3. Nc3 dxe4 4. Nxe4 Nf6 5. Nxf6+ exf6 6. c3 Bd6 7. Bd3 O-O 8. Qc2 Re8+ {B15: Caro-Kann: 3 Nc3: 3...g6 and 3...dxe4 4 Nxe4 Nf6 5 Nxf6+ exf6.} 9. Ne2 h5 10. Be3 Nd7 {White is slightly better.} 11. O-O h4 12. h3 Nf8 13. Rae1 Bc7 {[#]} 14. Nf4 $146 ({Predecessor:} 14. Qc1 Be6 15. a3 Ng6 16. Nf4 Bxf4 17. Bxf4 Qd7 18. Re2 Bf5 19. Bxf5 Qxf5 20. Rxe8+ Rxe8 {0-1 (62) Tissir,M (2379)-Shimanov,A (2587) Moscow 2019}) 14... Ne6 15. Nxe6 Bxe6 16. f4 b5 ({Wrong is} 16... Bxa2 $2 17. b3 $18) 17. b3 Qe7 18. Bf2 Bxf4 19. Bxh4 Qd6 20. Qd1 f5 21. Qf3 Bd2 22. Bg3 ({Of course not} 22. Bxf5 Bxe1 23. Bxe1 Bxf5 $17) 22... Qd7 23. Rd1 $1 {[%cal Rd1d2]} Bxc3 24. Bxf5 Bxd4+ 25. Bf2 c5 26. Bxd4 cxd4 27. Be4 Rac8 28. Qh5 g6 29. Qg5 Re7 (29... Qe7 $11 30. Qxe7 Rxe7 31. Rxd4 Kg7) 30. Rf6 ({White should try} 30. Rf4 $16 {Hoping for Qf6.} Ree8 31. Rf6) 30... Qc7 {The position is equal.} 31. Rdf1 {Black must now prevent R1f4.} d3 32. Rxg6+ fxg6 33. Qxg6+ Kh8 {[#] And now ...Qe5 would win.} 34. Qh6+ {Weighted Error Value: White=0.11/Black=0.15} 1/2-1/2